Nashim ba-shulayim : migdar u-leʼumiyut be-Tel Aviv ha-mandaṭorit /
Saved in:
| Main Author: | |
|---|---|
| Format: | Book |
| Language: | Hebrew |
| Published: |
Yerushalayim :
Yad Yitsḥaḳ Ben-Tsevi,
2008.
|
| Subjects: | |
| Tags: |
Add Tag
No Tags, Be the first to tag this record!
|
| LEADER | 01022nam a22003017a 4500 | ||
|---|---|---|---|
| 001 | 011432425-5 | ||
| 005 | 20080414001516.0 | ||
| 008 | 080317s2008 is 000 0 heb d | ||
| 020 | |a 9789652172754 | ||
| 035 | 0 | |a ocn228408693 | |
| 035 | |a (IsJeAIW)wb2008345294 | ||
| 037 | |n 32044100666502 | ||
| 040 | |a IsJeAIW |c IsJeAIW | ||
| 050 | 0 | 0 | |a HQ1728.5.Z9 |b T453 2008 |
| 100 | 1 | |a Bernstein, Deborah. | |
| 245 | 1 | 0 | |6 880-01 |a Nashim ba-shulayim : |b migdar u-leʼumiyut be-Tel Aviv ha-mandaṭorit / |c Devorah Bernshṭain. |
| 246 | 3 | |a Women on the margins : gender and nationalism in mandate Tel Aviv | |
| 260 | |a Yerushalayim : |b Yad Yitsḥaḳ Ben-Tsevi, |c 2008. | ||
| 300 | |a 322 p. ; |c 24 cm. | ||
| 650 | 0 | |a Women |z Israel |z Tel Aviv. | |
| 650 | 0 | |a Women |z Israel |x Social conditions. | |
| 650 | 0 | |a Prostitution |z Israel |z Tel Aviv |x History. | |
| 651 | 0 | |a Palestine |x History |y 1917-1948. | |
| 752 | |a Israel |d Jerusalem. | ||
| 880 | 1 | 0 | |6 245-01 |a נשים בשוליים. |
| 988 | |a 20080414 | ||
| 098 | 0 | 6 | |a Heb 43981.123 |
| 906 | |0 VEN | ||


